000 00772cam a2200289 4500
001 28370
010 _a9722111965
005 20220405165306.0
021 _aPT
_b123965/98
090 _a28370
100 _a20070914d2003 a y0pory5003 ba
304 _aTít. orig.: A little bit of winter
101 1 _apor
_ceng
102 _aPT
105 _aa z 000yy
106 _ar
930 _lBECRE
675 _a087.5
_vBN
_zpor
700 1 _aStewart,
_bPaul
702 1 _aOliveira,
_bJosé
_4730
_92099
702 1 _aRiddell,
_bChris
_4440
200 1 _aUm bocadinho de inverno
_fPaul Stewart
_gil. Chris Riddell
_gtrad. José Oliveira
210 _aLisboa
_cCaminho,
_d2003
215 _a[26] p.
_cil.
_d24 cm
225 2 _aLivros do arco-íris
801 0 _aPT
_bBN
_gRPC
990 _cLIVROS